Normal view
MARC view
- Authorship
Entry Topical Term
001 - CONTROL NUMBER
- control field: 7518
003 - CONTROL NUMBER IDENTIFIER
- control field: OSt
005 - DATE AND TIME OF LATEST TRANSACTION
- control field: 20170524085604.0
008 - FIXED-LENGTH DATA ELEMENTS
- fixed length control field: 170524|| aca||aabn | a|a d
040 ## - CATALOGING SOURCE
- Original cataloging agency: OSt
- Transcribing agency: OSt
150 ## - HEADING--TOPICAL TERM
- Topical term or geographic name entry element: Authorship
- General subdivision: Methodology
670 ## - SOURCE DATA FOUND
- Source citation: Work cat.: (OSt)0: Sulaiman Masri, 1949- 7004, Kaedah penyelidikan dan panduan penulisan :, 2003

PORTAL AKMAL
E-MEL JKDM
AKMAL2U
G-BAM
u-PUSTAKA